000 00459nam a22001457a 4500
082 _a510.2462
_bCLE
_cL-2, p-28
100 _aClements
_938991
110 _aMcgraw Hill Book Company
_912514
245 _aManual mathemathics and mechanic
_cGuy roger Clements and Levi Thomas Wilson,
260 _aNewyork:
_bMcgraw Hill Book Company.
_c1947.
300 _ap.315.:
_c24cm.
526 _a0
_b0
_c0
_d510_246200000000000_CLE
650 _aMCE
_9379
942 _2ddc
_cBK
999 _c543583
_d543583